| 000 | 00511nam a2200157 i 4500 | ||
|---|---|---|---|
| 001 | 69330 | ||
| 003 | ES-MaACL | ||
| 005 | 20230906170508.0 | ||
| 007 | t| | ||
| 008 | 040705s1932 sp ||||1| spa d | ||
| 100 | 1 |
_aGarcía de la Barga, Pedro. _954439 |
|
| 245 | 1 | 0 |
_aReforma agraria y la Ley de 13 de abril de 1932 sobre riegos _b: antecedentes para su estudio / _cPedro García de la Barga. |
| 260 |
_aMadrid : _b[s.n., _c1932] ( _fHuelves y Cía.) |
||
| 300 |
_a156 p. ; _c23 cm. |
||
| 852 |
_aES-MaACL _jA-890 |
||
| 999 |
_c69330 _d69330 |
||